| 000 | 00462nam a2200193Ia 4500 | ||
|---|---|---|---|
| 003 | 0100 | ||
| 008 | 130303s9999 xx 000 0 und d | ||
| 040 | _cARRUPELIB | ||
| 050 | _aBX3756.A753P372 | ||
| 245 | _aPedro Arrupe | ||
| 245 | _bsuperior general of the society of Jesus | ||
| 260 | _aGujarat | ||
| 260 | _bGujarat Sahitya Prakash | ||
| 260 | _C2008 | ||
| 300 | _a361p. | ||
| 300 | _b 24cm. | ||
| 700 | _aLA Bella, Gianni ed. | ||
| 942 |
_2lcc _01 |
||
| 999 |
_c67293 _d67293 |
||